000
00214nam a2200097Ia 4500
008
220204s9999 xx 000 0 und d
082
_a
82-3
_b
STE
100
_a
Steinbeck, John
245
0
_a
Moon is down
942
_c
BK
999
_c
34026
_d
34026